Guess The Footballer By Career Path - Statistics

General Stats
  • This quiz has been taken 60 times
  • The average score is 13 of 25
Answer Stats
Hint Answer % Correct
Fluminense: 2005–2007Real Madrid: 2007–2022 Olympiacos: 2022–2023 Fluminense: 2023–2024 Marcelo
80%
Hertha BSC II: 2006–2007Hertha BSC: 2007 Hamburger SV: 2007–2010 Manchester City: 2010–2011 Bayern Munich: 2011–2021 Lyon: 2021–2023 Salernitana: 2024 LASK: 2024–2025 Jerome Boateng
67%
Chelsea: 2014–2022Borussia Mönchengladbach: 2015–2017 (loan) Barcelona: 2022– Andreas Christensen
65%
RS Futebol: 2002–2003Juventude: 2004 Porto B: 2004–2005 Dynamo Moscow: 2005–2006 Fluminense: 2006 (loan) Fluminense: 2007–2009 AC Milan: 2009–2012 Paris Saint-Germain: 2012–2020 Chelsea: 2020–2024 Fluminense: 2024– Thiago Silva
65%
Paris Saint-Germain II: 2012–2014Paris Saint-Germain: 2012–2019 Toulouse II: 2013 (loan) Toulouse: 2013 (loan) Juventus: 2019–2024 Marseille: 2024–2025 AC Milan: 2025– Adrien Rabiot
63%
Celta B: 2008–2009Celta: 2008–2009 Real Madrid B: 2009–2012 Celta: 2009–2010 (loan) Real Madrid: 2011–2012 TSG Hoffenheim: 2012–2014 Eintracht Frankfurt: 2013–2014 (loan) Hannover: 2014–2015 Stoke City: 2015–2017 Deportivo La Coruña: 2016–2017 (loan) Newcastle United: 2017–2019 Alavés: 2019–2022 Espanyol: 2022–2024 Real Madrid: 2023–2024 (loan) Al-Gharafa: 2024– Joselu
63%
Genk: 2007–2009Standard Liège: 2009–2011 Kortrijk: 2009–2010 (loan) Mechelen: 2010–2011 (loan) Genk: 2011–2012 Aston Villa: 2012–2015 Liverpool: 2015–2016 Crystal Palace: 2016–2022 D.C. United: 2022– Christian Benteke
61%
Colo-Colo: 2005–2007Bayer Leverkusen: 2007–2011 Juventus: 2011–2015 Bayern Munich: 2015–2018 Barcelona: 2018–2020 Inter Milan: 2020–2022 Flamengo: 2022–2023 Athletico Paranaense: 2023–2024 Colo-Colo: 2024– Arturo Vidal
59%
Osasuna B: 2006–2007Osasuna: 2007–2010 Marseille: 2010–2012 Chelsea: 2012–2023 Atlético Madrid: 2023–2025 Sevilla: 2025– Cesar Azpilicueta
59%
Paris Saint-Germain B: 2010–2013Paris Saint-Germain: 2013–2022 Lens: 2013–2014 (loan) Bastia: 2014–2015 (loan) Villarreal: 2015–2016 (loan) Real Madrid: 2019–2020 (loan) Fulham: 2020–2021 (loan) West Ham United: 2021–2022 (loan) West Ham United: 2022– Alphonse Areola
54%
Sheffield United: 2019–2023Hyde United: 2020 (loan) Marseille: 2023–2024 Everton: 2024– Iliman Ndiaye
54%
FC Winterthur II: 2013–2014FC Winterthur: 2014–2015 FC Basel II: 2015–2016 FC Basel: 2015–2018 Borussia Dortmund: 2018–2022 Manchester City: 2022– Inter Milan (loan): 2025– Manuel Akanji
54%
Betis B: 2014–2015Betis: 2014–2017 Real Madrid: 2017– Arsenal: 2019–2021 (loan) Dani Ceballos
52%
Vasco da Gama: 2016–2017Manchester City: 2017–2019 Girona: 2017–2019 (loan) Aston Villa: 2019–2024 Juventus: 2024– Nottingham Forest: 2025– (loan) Douglas Luiz
52%
Chelsea: 2019–2021Swansea City: 2020–2021 (loan) Crystal Palace: 2021– Marc Guehi
52%
Liverpool: 2021–Bolton Wanderers: 2022–2023 (loan) Conor Bradley
50%
Darlington: 2009–2011Fulham: 2011–2016 Yeovil Town: 2012–2013 (loan) Birmingham City: 2013–2014 (loan) Wigan Athletic: 2016–2018 Brighton & Hove Albion: 2018–2022 Wigan Athletic: 2018–2019 (loan) Newcastle United: 2022– Dan Burn
48%
Beveren: 2001–2003 Metalurh Donetsk: 2003–2005 Olympiacos: 2005–2006 Monaco: 2006–2007 Barcelona: 2007–2010 Manchester City: 2010–2018 Olympiacos: 2018 Qingdao Huanghai: 2019 Yaya Toure
48%
Stella Club: 2014Atalanta: 2015–2019 Cesena: 2015–2016 (loan) AC Milan: 2017–2019 (loan) AC Milan: 2019–2022 Barcelona: 2022–2023 Al-Ahli: 2023– Franck Kessie
46%
North Jersey Imperials: 1997MetroStars: 1998–2003 MLS Pro-40: 1998 (loan) Manchester United: 2003-2007 Everton: 2006–2007 (loan) Everton: 2007–2016 Colorado Rapids: 2016–2019 Memphis 901: 2020 Tim Howard
46%
Saint-Étienne II: 2013–2015Saint-Étienne: 2013–2015 Monaco: 2015–2017 Hannover 96: 2015–2016 (loan) Bastia: 2016–2017 (loan) Nice: 2017–2019 Newcastle United: 2019–2023 Al-Ahli: 2023–2025 Fenerbahçe: 2024–2025 (loan) Club América: 2025– Allan Saint-Maximin
43%
Barcelona C: 2000 Barcelona B: 2000–2003 Barcelona: 2002–2014 Manchester United: 2014–2016 Standard Liège: 2016 (loan) Middlesbrough: 2016–2017 Victor Valdes
43%
Manchester City: 2006–2009Darlington: 2006 (loan) Bury: 2006 (loan) Falkirk: 2007 (loan) Cardiff City: 2007–2008 (loan) Coventry City: 2008 (loan) Notts County: 2009–2010 Leeds United: 2010–2011 Leicester City: 2011–2022 Nice: 2022–2023 Anderlecht: 2023–2024 Celtic: 2024– Kasper Schmeichel
39%
RS Futebol: 2002–2004Juventude: 2004–2005 Werder Bremen: 2005–2012 VfL Wolfsburg: 2012–2016 Schalke 04: 2016–2019 Monaco: 2019–2020 Naldo
35%
Real Sociedad B: 2008–2011Real Sociedad: 2010–2013 Real Madrid: 2013–2015 Real Sociedad: 2015–2023 FC Dallas: 2023–2024 Kitchee: 2025– Asier Illarramendi
22%
No matching quizzes found
Score Distribution
Percent of People with Each Score
Percentile by Number Answered
Your Score History
You have not taken this quiz